Statistics for Musical Acts by Letter - K

Click here to take the quiz!

General Stats

  • This quiz has been taken 59,572 times
    (9,267 since last reset)
  • The average score is 11 of 18

Answer Stats

Years ActiveCountrySongsBand or Artist% Correct
2008 -I Kissed a Girl | Dark HorseKaty Perry
94%
2004 -Gold Digger | FourFiveSecondsKanye West
85%
2010 -Tik Tok | We R Who We RKesha
79%
2003 -Mr. Brightside | HumanThe Killers
75%
2003 -Since U Been Gone | Stronger (What Doesn't Kill You)Kelly Clarkson
74%
2003 -Sex on Fire | Use SomebodyKings of Leon
63%
1987 -Can't Get You Out of My Head | The Loco-MotionKylie Minogue
63%
1977 -Danger Zone | FootlooseKenny Loggins
57%
1974 -Rock and Roll All Nite | Detroit Rock CityKISS
57%
1975 - 2020The Gambler | Islands in the StreamKenny Rogers
55%
1974 -Dust in the Wind | Carry On Wayward SonKansas
54%
1964 -Lola | Waterloo SunsetThe Kinks
52%
2011 -Humble | m.A.A.d. CityKendrick Lamar
52%
2004 -I Predict a Riot | RubyKaiser Chiefs
41%
2004 -Somewhere Only We Know | Everybody's ChangingKeane
41%
1969 -Celebration | Jungle BoogieKool & the Gang
41%
2016 -Young Dumb & Broke | EastsideKhalid
37%
1981 -Kids in America | You Keep Me Hangin' OnKim Wilde
35%

Score Distribution

Percentile by Number Answered

Percent of People with Each Score

Your Score History

You have not taken this quiz since the last reset